000 00286nam a22001337a 4500
008 170807b xxu||||| |||| 00| 0 eng d
020 _a9780137032570
041 _aeng
080 _a004
100 _a34
101 _aSHK
245 _aSKILLS FOR SUCCESS
_cTOWNSEND
942 _2udc
_cBK
999 _c22810
_d22810